Appraisal report of the family welfare programme in Indian Telephone Industries Bangalore (Record no. 10799)

MARC details
000 -LEADER
fixed length control field 00537nam a2200169Ia 4500
082 ## - DEWEY DECIMAL CLASSIFICATION NUMBER
Classification number RR.0038
100 ## - MAIN ENTRY--AUTHOR NAME
Personal name Keshava
245 #0 - TITLE STATEMENT
Title Appraisal report of the family welfare programme in Indian Telephone Industries Bangalore
260 ## - PUBLICATION, DISTRIBUTION, ETC. (IMPRINT)
Year of publication 1980
Name of publisher Population Research Centre, Bangalore
300 ## - PHYSICAL DESCRIPTION
Number of Pages 46p.+tabs
650 ## - SUBJECT ADDED ENTRY--TOPICAL TERM
Topical Term TELEPHONE - EMPLOYEES - DISEASES AND HYGIENE
650 ## - SUBJECT ADDED ENTRY--TOPICAL TERM
Topical Term FAMILY PLANNING - KARNATAKA - BANGALORE
700 ## - ADDED ENTRY--PERSONAL NAME
Personal name Yadav, S.S.
700 ## - ADDED ENTRY--PERSONAL NAME
Personal name Reddy, P.H.
710 ## - ADDED ENTRY--CORPORATE NAME
Corporate name or jurisdiction name as entry element Population Centre, Bangalore
942 ## - ADDED ENTRY ELEMENTS (KOHA)
Koha item type Research Reports
Source of classification or shelving scheme Dewey Decimal Classification
Holdings
Withdrawn status Lost status Damaged status Not for loan Home library Current library Date acquired Bill Date Full call number Accession Number Price effective from Koha item type
        NASSDOC Library NASSDOC Library 08/10/2004 2004-10-22 RR.0038 21177 18/04/2019 Research Reports